Statistics for Name a Valid Country South of the Equator

Click here to take the quiz!

General Stats

  • This quiz has been taken 831 times
  • The average score is 9 of 10

Answer Stats

Name a Valid Country south of the Equator...Country% Correct
That is an islandSeychelles | Comoros | Mauritius | Madagascar | East Timor | Fiji | Nauru | New Zealand | Samoa | Solomon Islands | Tonga | Tuvalu | Vanuatu
99%
That is landlockedBolivia | Botswana | Burundi | Eswatini | Lesotho | Malawi | Paraguay | Rwanda | Zambia | Zimbabwe
97%
That borders BrazilPeru | Bolivia | Paraguay | Argentina | Uruguay
97%
That speaks mainly SpanishUruguay | Paraguay | Bolivia | Chile | Peru | Argentina
96%
That starts with UUruguay
95%
That starts with SSeychelles | South Africa | Samoa | Solomon Islands
94%
That has more than one capitalTanzania | South Africa | Eswatini | Chile | Bolivia | Burundi
94%
That has more than 40 million peopleTanzania | South Africa | Argentina
93%
That starts with T ( No valid countries start with O or H)Tanzania | Tonga | Tuvalu
93%
That is a former Portuguese colonyUruguay | Angola | Mozambique | East Timor
84%

Score Distribution

Percentile by Number Answered

Percent of People with Each Score

Your Score History

You have not taken this quiz